000 00323 a2200133 4500
005 20250628145552.0
020 _a13-092763-5
082 _a005.3 FOX
100 _aFOX, M
245 _aEssential Excel 2002 Level 2
260 _aNew York,
_bPrentice Hall,
_c2002
300 _axi, 189p.; ill.; figure
_c27cm
942 _2ddc
_cBKS
999 _c6073
_d6073